Zjišťování kvality vnitřní a vnější komunikace na Univerzitě Tomáše Bati v Zlíně

Identifikáci faktorov vnútornej a vonkajšej komunikácie, ich analýza a návrh vhodných spôsobob zisťovania úrovne vnútornej a vonkajšej komunikácie vysokej školy. Kvalita vysokých škôl. Metódy zisťovania kvality komunikácie. Vonkajšie prostredie a a kvalita vonkajšej komunikácie.

Salvato in:
Dettagli Bibliografici
Autore principale: Soukalová, Radomila
Natura: Capitolo di libro
Lingua:ceco
Soggetti:
Tags: Aggiungi Tag
Nessun Tag, puoi essere il primo ad aggiungerne!!

MARC

LEADER 00000naa$a2200000$$$4500
001 0037710
005 20230919104327.3
041 0 |a cze 
044 |a CZ 
245 1 0 |a Zjišťování kvality vnitřní a vnější komunikace na Univerzitě Tomáše Bati v Zlíně  |c Radomila Soukalová 
520 |a Identifikáci faktorov vnútornej a vonkajšej komunikácie, ich analýza a návrh vhodných spôsobob zisťovania úrovne vnútornej a vonkajšej komunikácie vysokej školy. Kvalita vysokých škôl. Metódy zisťovania kvality komunikácie. Vonkajšie prostredie a a kvalita vonkajšej komunikácie. 
610 2 0 |a univerzity 
610 2 0 |a školy vysoké 
610 2 0 |a kvalita 
610 2 0 |a komunikácia externá 
610 2 0 |a komunikácia interná 
610 2 0 |a Univerzita Tomáša Baťu v Zlíne 
100 1 |a Soukalová, Radomila